| Tag |
First Indicator |
Second Indicator |
Subfields |
| LEADER |
00000cam a2200000Ki 4500 |
| 001 |
in00004030921 |
| 005 |
20180718090142.0 |
| 008 |
170626t20172017ne ab 000 0 eng d |
| 020 |
|
|
|a 9460043348
|
| 020 |
|
|
|a 9789460043345
|
| 035 |
|
|
|a (OCoLC)ocn991089911
|
| 040 |
|
|
|a YDX
|e rda
|c YDX
|d QGK
|d YDX
|d BWK
|d UtOrBLW
|
| 049 |
|
|
|a TXAM
|
| 050 |
|
4 |
|a TC345.N4
|b M4913 2017
|
| 082 |
0 |
|
|a 627/.5409492
|2 23
|
| 100 |
1 |
|
|a Meyer, Han,
|d 1951-
|e author.
|0 http://id.loc.gov/authorities/names/n83227044
|
| 245 |
1 |
4 |
|a The state of the delta :
|b engineering, urban development and nation building in the Netherlands /
|c Han Meyer ; with maps by Teake Bouma.
|
| 264 |
|
1 |
|a Nijmegen, the Netherlands :
|b Vantilt Publishers,
|c [2017]
|
| 264 |
|
4 |
|c ©2017
|
| 300 |
|
|
|a 255 pages :
|b color illustrations, color maps ;
|c 25 cm.
|
| 336 |
|
|
|a text
|b txt
|2 rdacontent
|
| 336 |
|
|
|a cartographic image
|b cri
|2 rdacontent
|
| 336 |
|
|
|a still image
|b sti
|2 rdacontent
|
| 337 |
|
|
|a unmediated
|b n
|2 rdamedia
|
| 338 |
|
|
|a volume
|b nc
|2 rdacarrier
|
| 504 |
|
|
|a Includes bibliographical references.
|
| 610 |
2 |
0 |
|a Deltaplan (Netherlands)
|0 http://id.loc.gov/authorities/names/n86009007
|
| 650 |
|
0 |
|a Flood control
|z Netherlands
|x History.
|
| 650 |
|
0 |
|a Reclamation of land
|z Netherlands
|x History.
|
| 650 |
|
0 |
|a Hydraulic engineering
|z Netherlands
|x History.
|
| 650 |
|
0 |
|a Urbanization
|z Netherlands
|x History.
|
| 700 |
1 |
|
|a Bouma, Teake,
|e cartographer.
|0 http://id.loc.gov/authorities/names/n2016034792
|
| 945 |
|
|
|b 559133
|
| 947 |
|
|
|a A14850522393
|
| 948 |
|
|
|a cataloged
|b h
|c 2018/5/15
|d c
|e dmitchel
|f 9:20:10 am
|
| 994 |
|
|
|a 92
|b TXA
|
| 999 |
f |
f |
|s 0006e7e3-2fc7-3e79-a977-9f9306116d63
|i f192ed9b-4099-3759-a3e6-0d903fa05d67
|t 0
|
| 952 |
f |
f |
|p normal
|a Texas A&M University
|b College Station
|c Sterling C. Evans Library
|d Evans: Library Stacks
|t 0
|e TC345.N4 M4913 2017
|h Library of Congress classification
|i unmediated -- volume
|m A14850522393
|
| 998 |
f |
f |
|a TC345.N4 M4913 2017
|t 0
|l Evans: Library Stacks
|